Obálka
Pro půjčování e-knih musíte být přihlášeni.
Jak si půjčit online?

Můj bratr /

Syrové rodinné drama plné vášně i napětí. První díl oceňované švédské trilogie.

Uloženo v:
Série:Jana Kippová, část 1
Hlavní autor: Smirnoff, Karin, 1964- (Autor)
Další autoři: Olešová, Lucie, 1992- (Autor)
Médium: E-audiokniha
Jazyk:Czech
Vydáno: Praha : Kniha Zlin, 2024
Vydání:Vydání první
Témata:
Příbuzné jednotky:Z cyklu:: Jana Kippová
Tagy:
Žádné tagy
LEADER 04767nam a2201045 i 4500
001 313397
003 CZ PrSKC
005 20260601215741.0
007 ta
008 240126s2024 xr g 000 f cze
015 |a cnb003586011 
020 |a 9788076625884  |q (brožováno) :  |c Kč 399,00 
035 |a (OCoLC)1429250686 
040 |a ABG001  |b cze  |e rda 
041 1 |a cze  |h swe 
072 7 |a 821.11  |x Germánské literatury  |2 Konspekt 
080 |a 821.113.6-31  |2 MRF 
080 |a (0:82-31)  |2 MRF 
100 1 |a Smirnoff, Karin,  |d 1964-  |7 pna20231209941  |4 aut 
240 1 0 |a Jag for ner till bror.  |l Česky 
245 1 0 |a Můj bratr /  |c Karin Smirnoff ; přeložila Lucie Olešová 
250 |a Vydání první 
264 1 |a Praha :  |b Kniha Zlin,  |c 2024 
300 |a 317 stran ;  |c 20 cm 
336 |a text  |b txt  |2 rdacontent 
337 |a bez média  |b n  |2 rdamedia 
338 |a svazek  |b nc  |2 rdacarrier 
500 |a Přeloženo ze švédštiny 
520 2 |a Syrové rodinné drama plné vášně i napětí. První díl oceňované švédské trilogie.  |b Jana Kippo se vrací na rodný statek na severu Švédska. Kdysi odsud utekla poté, co její bratr napadl otce lopatou. Bratr se nyní upíjí k smrti a matka po mrtvici chátrá v domově důchodců. Návštěva v Janě oživí vzpomínky na dětství plné násilí, přesto se rozhodne zůstat, aby se pokusila vyrovnat s minulostí. Jenže drsná realita venkova, kde v rodinách po generace vládne alkohol a nikoho nezajímá, co se děje za zavřenými dveřmi, bude krutým soupeřem. Naděje na odpuštění ale umírá poslední. Snad. Nakladatelská anotace. 
655 7 |a švédské romány  |7 fd133923  |2 czenas 
655 9 |a Swedish fiction  |2 eczenas 
700 1 |a Olešová, Lucie,  |d 1992-  |7 ola2017940828  |4 trl 
787 0 8 |i Z cyklu:  |t Jana Kippová  |g 1 
900 |a ABA001  |b 20 
928 9 |a Albatros Media - Kniha Zlin 
044 |a xr 
505 0 0 |t 01 Kapitola 1 (15 min., 14 sek.) 
505 0 0 |t 02 Kapitola 2 (4 min., 44 sek.) 
505 0 0 |t 03 Kapitola 3 (18 min., 39 sek.) 
505 0 0 |t 04 Kapitola 4 (5 min., 19 sek.) 
505 0 0 |t 05 Kapitola 5 (8 min., 33 sek.) 
505 0 0 |t 06 Kapitola 6 (11 min., 25 sek.) 
505 0 0 |t 07 Kapitola 7 (18 min., 1 sek.) 
505 0 0 |t 08 Kapitola 8 (6 min., 52 sek.) 
505 0 0 |t 09 Kapitola 9 (7 min., 38 sek.) 
505 0 0 |t 10 Kapitola 10 (9 min., 40 sek.) 
505 0 0 |t 11 Kapitola 11 (10 min., 12 sek.) 
505 0 0 |t 12 Kapitola 12 (5 min., 3 sek.) 
505 0 0 |t 13 kapitola 13 (2 min., 51 sek.) 
505 0 0 |t 14 Kapitola 14 (15 min., 25 sek.) 
505 0 0 |t 15 Kapitola 15 (21 min., 24 sek.) 
505 0 0 |t 16 Kapitola 16 (8 min., 29 sek.) 
505 0 0 |t 17 Kapitola 17 (8 min., 32 sek.) 
505 0 0 |t 18 Kapitola 18 (12 min., 7 sek.) 
505 0 0 |t 19 Kapitola 19 (6 min., 42 sek.) 
505 0 0 |t 20 Kapitola 2O (16 min., 28 sek.) 
505 0 0 |t 21 Kapitola 21 (9 min., 58 sek.) 
505 0 0 |t 22 Kapitola 22 (8 min., 13 sek.) 
505 0 0 |t 23 Kapitola 23 (10 min., 5 sek.) 
505 0 0 |t 24 kapitola 24 (3 min., 20 sek.) 
505 0 0 |t 25 kapitola 25 (7 min., 56 sek.) 
505 0 0 |t 26 Kapitola 26 (8 min., 56 sek.) 
505 0 0 |t 27 Kapitola 27 (6 min., 37 sek.) 
505 0 0 |t 28 Kapitola 28 (3 min., 52 sek.) 
505 0 0 |t 29 Kapitola 29 (12 min., 39 sek.) 
505 0 0 |t 30 Kapitola 30 (8 min., 37 sek.) 
505 0 0 |t 31 kapitola 31 (22 min., 18 sek.) 
505 0 0 |t 32 Kapitola 32 (9 min., 24 sek.) 
505 0 0 |t 33 kapitola 33 (2 min., 59 sek.) 
505 0 0 |t 34 Kapitola 34 (21 min., 27 sek.) 
505 0 0 |t 35 kapitola 35 (24 min., 8 sek.) 
505 0 0 |t 36 kapitola 36 (10 min., 25 sek.) 
505 0 0 |t 37 Kapitola 37 (12 min., 34 sek.) 
505 0 0 |t 38 kapitola 38 (10 min., 57 sek.) 
505 0 0 |t 39 Kapitola 39 (11 min., 35 sek.) 
505 0 0 |t 40 kapitola 40 (17 min., 57 sek.) 
505 0 0 |t 41 Kapitola 41 (5 min., 33 sek.) 
505 0 0 |t 42 Kapitola 42 (15 min., 35 sek.) 
505 0 0 |t 43 Kapitola 43 (19 min., 41 sek.) 
505 0 0 |t 44 kapitola 44 (7 min., 21 sek.) 
505 0 0 |t 45 Kapitola 45 (18 min., 9 sek.) 
505 0 0 |t 46 kapitola 46 (13 min., 50 sek.) 
505 0 0 |t 47 Kapitola 47 (6 min., 41 sek.) 
505 0 0 |t 48 kapitola 48 (22 min., 11 sek.) 
505 0 0 |t 49 Kapitola 49 (18 min., 50 sek.) 
505 0 0 |t 50 Kapitola 50 (13 min., 38 sek.) 
505 0 0 |t 51 Kapitola 51 (17 min., 34 sek.) 
910 |a RBIT002 
998 |d 417228  |a https://core.palmknihy.cz/api/books/417228/cover?srb8s1  |b https://core.palmknihy.cz/api/books/417228/cover/400?srb8s1  |c https://core.palmknihy.cz/api/books/417228/cover/50?srb8s1  |e 2029-01-22  |i 9788076625884  |l 35820  |q 49  |r 1  |s https://www.palmknihy.cz/kniha/417228  |t audiobook  |y 2025  |z 0  |v Jana Kippová  |w 1 
999 |d 313395